[Event "Foxwoods op 15th"]
[Site "Ledyard"]
[Date "2023.04.08"]
[Round "6"]
[White "Luger, John"]
[Black "Ling, Chenxuan"]
[Result "1-0"]
[WhiteElo "1859"]
[BlackElo "1616"]
[PlyCount "114"]
[EventDate "2023.04.05"]
[EventType "swiss"]
[EventRounds "9"]
[EventCountry "USA"]
[SourceTitle "CBM 213 Extra"]
[Source "ChessBase"]
[SourceDate "2023.05.31"]
[SourceVersion "1"]
[SourceVersionDate "2023.05.31"]
[SourceQuality "1"]

1. Nf3 Nf6 2. b3 g6 3. Bb2 Bg7 4. g3 b6 5. Bg2 Bb7 6. 0-0 0-0 7. c4 c5 8. Nc3 Nc6 9. d4 cxd4 10. Nxd4 Qc8 11. Nd5 Nxd5 12. cxd5 Nxd4 13. Bxd4 Bxd4 14. Qxd4 Qc2 15. e3 Rfc8 16. Qh4 f6 17. Be4 Qc5 18. Rfd1 Qd6 19. Qh6 Qe5 20. Rd4 f5 21. Bg2 Rc2 22. Rad1 Rac8 23. e4 Rxa2 24. exf5 Qxf5 25. Rf4 Qe5 26. Re4 Qf6 27. Rf4 Qe5 28. h4 Ra1 29. Rxa1 Qxa1+ 30. Kh2 Qe5 31. Rg4 Qg7 32. Qe3 Rc3 33. Qe2 Kf8 34. Rf4+ Kg8 35. d6 e5 36. Rc4 Ba6 37. Rxc3 Bxe2 38. Bd5+ Qf7 39. Bxf7+ Kxf7 40. Re3 Bg4 41. Rxe5 Be6 42. b4 Kf6 43. f4 h5 44. Kg2 Kf7 45. Kf3 Ke8 46. Re1 Kf7 47. Ra1 Bd5+ 48. Ke3 Ke6 49. Rxa7 Kxd6 50. Kd4 Be6 51. b5 Bg4 52. Rb7 Bf5 53. Rxb6+ Kc7 54. Rf6 Kb7 55. Kc5 Kc7 56. b6+ Kb7 57. Kd6 Kxb6 1-0